000 00695nam a2200289Ia 4500
005 20260324150841.0
008 008 260324s9999 xx 000 0 eng d
020 _a9781315009414
037 _aEBOOK
040 _aCRL
040 _beng
040 _cCRL
041 _2eng
041 _aeng
084 _qCRL
100 _aSara M. Stinchfield
_91227837
245 0 _aSpeech Disorders
245 2 _bA Psychological Study of the Various Defects of Speech
260 _bTaylor and Francis
260 _c1933
365 _a
365 _b480
856 _uhttp://www.taylorfrancis.com/books/9781315009414
942 _cEBOOK
999 _c1838008
_d1838008